[Event "DEM U8 2023"]
[Site "Willingen GER"]
[Date "2023.06.02"]
[Round "5"]
[White "Stojanoski, Stefan"]
[Black "Liu, Jonas"]
[Result "1/2-1/2"]
[Termination "normal"]
[Board "7"]
[WhiteElo "1133"]
[BlackElo "1039"]
[PlyCount "94"]
[WhiteFideId "34632948"]
[BlackFideId "34660941"]
[EventCountry "GER"]
[EventRounds "7"]
[EventType "swiss"]
[EventDate "2023.05.30"]

1. e4 c5 2. Nf3 d6 3. d4 cxd4 4. Nxd4 Nf6 5. Nc3 g6 6. Be3 Bg7 7. Be2 O-O 8.
O-O Nc6 9. Nxc6 bxc6 10. h3 Bb7 11. Bf3 d5 12. exd5 cxd5 13. Qd2 Re8 14. Rad1
e6 15. Qd3 Nd7 16. Qe2 Nb6 17. Rfe1 e5 18. a3 Re7 19. Bxb6 Qxb6 20. Bxd5 Qxb2
21. Bxb7 Qxb7 22. Nd5 Rd7 23. Qd3 Rad8 24. c4 f5 25. f3 Qc6 26. Kh1 Qe6 27. Qf1
Kh8 28. Qe2 Qa6 29. Nb4 Qxa3 30. Rxd7 Rxd7 31. Rd1 Rxd1+ 32. Qxd1 Qxb4 33. Qd8+
Qf8 34. Qa5 Qe7 35. c5 h6 36. c6 Qe8 37. c7 Qc6 38. Qxa7 Qc1+ 39. Kh2 Qf4+ 40.
Kg1 Qc1+ 41. Kf2 Qd2+ 42. Kg1 Qc1+ 43. Kh2 Qf4+ 44. Kh1 Qc1+ 45. Kh2 Qf4+ 46.
Kg1 Qc1+ 47. Kf2 Qd2+ 1/2-1/2

[Event "DEM U8 2023"]
[Site "Willingen GER"]
[Date "2023.06.02"]
[Round "5"]
[White "Mukazhanov, Arslan"]
[Black "Grimm, Jakob"]
[Result "0-1"]
[Termination "normal"]
[Board "8"]
[WhiteElo "779"]
[BlackElo "1272"]
[PlyCount "134"]
[WhiteFideId "34647686"]
[BlackFideId "34635645"]
[EventCountry "GER"]
[EventRounds "7"]
[EventType "swiss"]
[EventDate "2023.05.30"]

1. e4 e5 2. Nf3 Nc6 3. Bb5 a6 4. Bxc6 dxc6 5. O-O Bd6 6. Nc3 c5 7. d3 Ne7 8.
Bg5 c6 9. Bxe7 Qxe7 10. Re1 O-O 11. a3 a5 12. b4 cxb4 13. axb4 Bxb4 14. Qd2 Qc5
15. Na4 Bxd2 16. Nxc5 Bxe1 17. Rxe1 f6 18. d4 exd4 19. Nxd4 Re8 20. f4 f5 21.
e5 b6 22. Nd3 c5 23. Nb5 Re7 24. h3 Ba6 25. Nd6 Bxd3 26. cxd3 g6 27. g4 Rf8 28.
gxf5 gxf5 29. Re2 Re6 30. Kf2 Kg7 31. Kf3 a4 32. Nb5 Rd8 33. Ke3 Ra8 34. Nc7
Ree8 35. Rg2+ Kh6 36. Nxe8 Rxe8 37. Ra2 Ra8 38. d4 cxd4+ 39. Kxd4 Kg6 40. Kd5
Kf7 41. Kd6 a3 42. e6+ Kf6 43. e7 Kf7 44. Kd7 Ra7+ 45. Kc6 Kxe7 46. Kxb6 Ra4
47. Re2+ Kf6 48. Ra2 Rxf4 49. Rxa3 Kg5 50. Rg3+ Kh4 51. Rg7 h5 52. Kc6 Kxh3 53.
Kd5 h4 54. Ke5 Rg4 55. Rh7 f4 56. Ke4 Kg3 57. Kd3 Kg2 58. Ke2 h3 59. Rh8 h2 60.
Rxh2+ Kxh2 61. Kf3 Rh4 62. Kf2 Rh3 63. Kf1 Ra3 64. Kf2 f3 65. Kf1 Kg3 66. Ke1
Kg2 67. Kd2 f2 0-1

[Event "DEM U8 2023"]
[Site "Willingen GER"]
[Date "2023.06.02"]
[Round "5"]
[White "Thirumal, Shravan"]
[Black "Schimming, Wilhelm"]
[Result "1-0"]
[Termination "normal"]
[Board "9"]
[WhiteElo "1118"]
[BlackElo "983"]
[PlyCount "69"]
[WhiteFideId "34625356"]
[BlackFideId "34662030"]
[EventCountry "GER"]
[EventRounds "7"]
[EventType "swiss"]
[EventDate "2023.05.30"]

1. e4 c5 2. Nf3 d6 3. d3 Nc6 4. g3 Nf6 5. Bg2 g6 6. O-O Bg7 7. c3 O-O 8. a3 Bg4
9. b4 Bxf3 10. Qxf3 Ne5 11. Qe2 Qc7 12. d4 cxd4 13. cxd4 Nc6 14. Bb2 Nd7 15.
Qe3 e5 16. d5 Ne7 17. Nc3 a6 18. Rac1 Qb6 19. Qg5 Rae8 20. Bh3 Nf6 21. Ne2 h6
22. Qd2 Kh7 23. Qd3 Qb5 24. Qxb5 axb5 25. f3 Ra8 26. Rc7 Rae8 27. Rxb7 Nc8 28.
Rxb5 Re7 29. Rc1 Na7 30. Rb6 Rd8 31. a4 Nd7 32. Rb7 Nc8 33. Bxd7 Rdxd7 34. Rxd7
Rxd7 35. Rxc8 1-0

[Event "DEM U8 2023"]
[Site "Willingen GER"]
[Date "2023.06.02"]
[Round "5"]
[White "Rössling, Johannes"]
[Black "Öhrlein, Frederik"]
[Result "1-0"]
[Termination "normal"]
[Board "10"]
[WhiteElo "1328"]
[BlackElo "1061"]
[PlyCount "55"]
[WhiteFideId "34642773"]
[BlackFideId "34687556"]
[EventCountry "GER"]
[EventRounds "7"]
[EventType "swiss"]
[EventDate "2023.05.30"]

1. e4 c5 2. Nf3 d6 3. d4 cxd4 4. Nxd4 Nf6 5. Nc3 g6 6. Be3 Bg7 7. f3 O-O 8. Qd2
Nc6 9. Bc4 Bd7 10. O-O-O Rc8 11. Bb3 Nxd4 12. Bxd4 Rc6 13. g4 a6 14. h4 b5 15.
h5 b4 16. Nd5 Nxd5 17. Bxg7 Kxg7 18. exd5 Rb6 19. hxg6 fxg6 20. Qh6+ Kf7 21.
Qxh7+ Kf6 22. Qh4+ Kf7 23. Qh7+ Kf6 24. g5+ Kf5 25. Qh3+ Ke5 26. Rhe1+ Kf4 27.
Qh4+ Kf5 28. Qg4# 1-0

[Event "DEM U8 2023"]
[Site "Willingen GER"]
[Date "2023.06.02"]
[Round "5"]
[White "Chupikov, Mark"]
[Black "Belov, Artemii"]
[Result "1/2-1/2"]
[Termination "normal"]
[Board "11"]
[WhiteElo "958"]
[BlackElo "1229"]
[PlyCount "68"]
[WhiteFideId "34680721"]
[BlackFideId "34665234"]
[EventCountry "GER"]
[EventRounds "7"]
[EventType "swiss"]
[EventDate "2023.05.30"]

1. e4 e5 2. Nf3 Nc6 3. Bc4 Bc5 4. O-O Nf6 5. d3 d6 6. c3 Qe7 7. Nbd2 Bg4 8. Qb3
Bb6 9. Ng5 O-O 10. Ngf3 Na5 11. Qd1 c6 12. b4 Nxc4 13. Nxc4 Bc7 14. Ne3 Bh5 15.
Re1 Rfe8 16. Nf1 d5 17. exd5 cxd5 18. d4 e4 19. Ng3 Bxf3 20. gxf3 Qd7 21. fxe4
Nxe4 22. Nxe4 Rxe4 23. Rxe4 dxe4 24. Qh5 Re8 25. Be3 Qc6 26. Rc1 Qg6+ 27. Qxg6
hxg6 28. Kg2 f5 29. a4 f4 30. Bd2 e3 31. fxe3 fxe3 32. Be1 e2 33. h4 Bd8 34.
Kg3 Kf7 1/2-1/2

[Event "DEM U8 2023"]
[Site "Willingen GER"]
[Date "2023.06.02"]
[Round "5"]
[White "Alloussi, Arian"]
[Black "Sander, Tino"]
[Result "1-0"]
[Termination "normal"]
[Board "12"]
[WhiteElo "1174"]
[BlackElo "923"]
[PlyCount "123"]
[WhiteFideId "34637788"]
[BlackFideId "34636110"]
[EventCountry "GER"]
[EventRounds "7"]
[EventType "swiss"]
[EventDate "2023.05.30"]

1. e4 e5 2. Nf3 Nc6 3. Bc4 Bc5 4. c3 Nf6 5. d3 d6 6. Bb3 a6 7. Bg5 Ba7 8. Nbd2
Be6 9. Rc1 h6 10. Be3 Bg4 11. Bc2 Ne7 12. Bxa7 Rxa7 13. h3 Be6 14. a3 c6 15. d4
Nd7 16. Nf1 Ng6 17. d5 Nf4 18. Ne3 cxd5 19. exd5 Nxd5 20. Nxd5 b5 21. Nb4 Qb6
22. Be4 O-O 23. O-O f5 24. Bd5 Nc5 25. Nc6 Rc7 26. b4 Rxc6 27. bxc5 dxc5 28.
Bxc6 Qxc6 29. Nxe5 Qb7 30. Qd6 Bd5 31. f3 Rf6 32. Qxc5 Re6 33. Nd3 Bc4 34. Rfd1
Bd5 35. Nf4 Bxf3 36. Nxe6 Bxd1 37. Qf8+ Kh7 38. Qxg7+ Qxg7 39. Nxg7 Bb3 40.
Nxf5 Be6 41. Nd4 Bc4 42. Kf2 Kg6 43. Kf3 Bd5+ 44. Kf4 Kf6 45. g4 Bg2 46. h4 Kg6
47. Re1 Bd5 48. Re5 Ba2 49. Rf5 Bc4 50. h5+ Kg7 51. Ke5 Bf7 52. Ne6+ Kg8 53.
Rf6 a5 54. Kd6 b4 55. axb4 axb4 56. cxb4 Bxh5 57. gxh5 Kh7 58. Rf7+ Kg8 59. Ke7
Kh8 60. Kf6 Kg8 61. Kg6 Kh8 62. Rf8# 1-0

[Event "DEM U8 2023"]
[Site "Willingen GER"]
[Date "2023.06.02"]
[Round "5"]
[White "Chaganti, Prahasith Reddy"]
[Black "Simon, Benjamin"]
[Result "1-0"]
[Termination "normal"]
[Board "13"]
[WhiteElo "836"]
[BlackElo "1105"]
[PlyCount "37"]
[BlackFideId "34652329"]
[EventCountry "GER"]
[EventRounds "7"]
[EventType "swiss"]
[EventDate "2023.05.30"]

1. e4 e5 2. Nf3 Nf6 3. Nxe5 d6 4. Nf3 Nxe4 5. Qe2 Qe7 6. g3 Bg4 7. Bg2 Ng5 8.
Qxe7+ Bxe7 9. Nxg5 Bxg5 10. Bxb7 c6 11. Bxa8 Bf3 12. O-O O-O 13. d4 Bf6 14. Be3
Re8 15. Nc3 Na6 16. Bb7 Nc7 17. Bf4 Ne6 18. Bxd6 Ng5 19. h4 1-0

[Event "DEM U8 2023"]
[Site "Willingen GER"]
[Date "2023.06.02"]
[Round "5"]
[White "Fendel, Arsenij"]
[Black "Mudriievskyi, Jan"]
[Result "1-0"]
[Termination "normal"]
[Board "14"]
[WhiteElo "740"]
[BlackElo "1062"]
[PlyCount "175"]
[BlackFideId "34676473"]
[EventCountry "GER"]
[EventRounds "7"]
[EventType "swiss"]
[EventDate "2023.05.30"]

1. e4 e5 2. Nf3 Nc6 3. Bc4 Bc5 4. c3 Nf6 5. d4 exd4 6. cxd4 Bb4+ 7. Bd2 Bxd2+
8. Nbxd2 O-O 9. O-O d6 10. d5 Ne5 11. Nxe5 dxe5 12. Re1 c6 13. Nf3 cxd5 14.
exd5 e4 15. Ng5 Bf5 16. Qd4 h6 17. Qe5 Bg6 18. Nh3 Re8 19. Qd4 Qb6 20. Qxb6
axb6 21. a3 Rad8 22. Rad1 Rc8 23. b3 Rc5 24. a4 Kh7 25. Nf4 Bf5 26. d6 Kg8 27.
h3 g5 28. Nd5 Nxd5 29. Bxd5 Rd8 30. Bxb7 Rd7 31. Bxe4 Bxe4 32. Rxe4 f5 33. Re7
Rxe7 34. dxe7 Kf7 35. Re1 Rc8 36. e8=Q+ Rxe8 37. Rxe8 Kxe8 38. b4 Kd7 39. a5 b5
40. a6 Kc7 41. Kh2 h5 42. Kg3 Kb6 43. h4 g4 44. a7 Kxa7 45. Kf4 Kb6 46. Kxf5
Kc6 47. Ke5 Kd7 48. f3 gxf3 49. gxf3 Ke7 50. f4 Kf7 51. Kf5 Ke7 52. Kg6 Kd6 53.
f5 Kd5 54. f6 Kc4 55. f7 Kxb4 56. f8=Q+ Kc3 57. Qa3+ Kc4 58. Qb2 b4 59. Kf5 Kc5
60. Ke4 Kc4 61. Ke3 b3 62. Kd2 Kd5 63. Qxb3+ Ke4 64. Qf7 Ke5 65. Ke2 Ke4 66.
Kf2 Ke5 67. Kg3 Ke4 68. Qf6 Ke3 69. Qf3+ Kd4 70. Qe2 Kd5 71. Kf4 Kd6 72. Kf5
Kd7 73. Kf6 Kd8 74. Kf7 Kd7 75. Qe7+ Kc6 76. Qd8 Kc5 77. Qd3 Kc6 78. Ke7 Kc5
79. Ke6 Kc6 80. Qd6+ Kb5 81. Qd7+ Kb4 82. Kd5 Kb3 83. Qc8 Kb4 84. Qc4+ Ka3 85.
Qb5 Ka2 86. Kd4 Ka1 87. Kc3 Ka2 88. Qb2# 1-0

[Event "DEM U8 2023"]
[Site "Willingen GER"]
[Date "2023.06.02"]
[Round "5"]
[White "Saeidi, Fardin Jahan"]
[Black "Nguyen-Trung, Atticus"]
[Result "0-1"]
[Termination "normal"]
[Board "17"]
[WhiteElo "1037"]
[BlackElo "920"]
[PlyCount "73"]
[WhiteFideId "34658360"]
[BlackFideId "34670041"]
[EventCountry "GER"]
[EventRounds "7"]
[EventType "swiss"]
[EventDate "2023.05.30"]

1. e4 e5 2. Nf3 Nc6 3. d4 exd4 4. Bc4 Nf6 5. e5 d5 6. Bb5 Ne4 7. Nxd4 Bd7 8.
Bxc6 bxc6 9. O-O Bc5 10. f3 Bxd4+ 11. Qxd4 Ng5 12. f4 Ne6 13. Qf2 O-O 14. Qg3
Qe7 15. f5 Nd4 16. Nc3 Bxf5 17. Be3 Nxc2 18. Rac1 Nxe3 19. Qxe3 Qd7 20. Qg5 Bg6
21. Rf4 Rae8 22. Rg4 h6 23. Qf4 Qf5 24. Qxf5 Bxf5 25. Rf4 Rxe5 26. Rcf1 Be4 27.
Re1 f5 28. Rc1 a5 29. Rf2 Rf6 30. g4 f4 31. Rd1 c5 32. Nxe4 dxe4 33. Rd8+ Kf7
34. Rd7+ Re7 35. Rxe7+ Kxe7 36. Kf1 e3 37. Re2 0-1

[Event "DEM U8 2023"]
[Site "Willingen GER"]
[Date "2023.06.02"]
[Round "5"]
[White "Estrin, Boris"]
[Black "Trunz, Daniel"]
[Result "1-0"]
[Termination "normal"]
[Board "18"]
[WhiteElo "1205"]
[BlackElo "1086"]
[PlyCount "53"]
[WhiteFideId "34649859"]
[BlackFideId "34640797"]
[EventCountry "GER"]
[EventRounds "7"]
[EventType "swiss"]
[EventDate "2023.05.30"]

1. e4 c5 2. Nf3 e6 3. d4 cxd4 4. Nxd4 Nc6 5. Nc3 Nf6 6. Be2 Bb4 7. O-O O-O 8.
Nxc6 bxc6 9. Bg5 h6 10. Bh4 Qa5 11. Bxf6 gxf6 12. Qd3 Kh8 13. a3 Bxc3 14. bxc3
Rg8 15. Qh3 Qg5 16. f4 Qg7 17. Rf3 Bb7 18. Rg3 Qh7 19. Bd3 Rxg3 20. Qxg3 Rg8
21. e5 Rxg3 22. Bxh7 Rxc3 23. Bd3 Rc5 24. Rb1 Bc8 25. exf6 d5 26. Rb8 d4 27.
Rxc8# 1-0

[Event "DEM U8 2023"]
[Site "Willingen GER"]
[Date "2023.06.02"]
[Round "5"]
[White "Frerich, Theo"]
[Black "Zentgraf, Raphael"]
[Result "1-0"]
[Termination "normal"]
[Board "20"]
[WhiteElo "1073"]
[BlackElo "783"]
[PlyCount "55"]
[BlackFideId "34684166"]
[EventCountry "GER"]
[EventRounds "7"]
[EventType "swiss"]
[EventDate "2023.05.30"]

1. e4 c5 2. Nf3 e6 3. Bc4 Nc6 4. Nc3 Qc7 5. d3 Nf6 6. O-O Be7 7. Re1 O-O 8. e5
Ng4 9. Bf4 Nd4 10. Nxd4 cxd4 11. Qxg4 f5 12. Nb5 Qb6 13. Qe2 a6 14. Nd6 Bxd6
15. exd6 Qxb2 16. Rab1 Qa3 17. Rb3 Qa4 18. Be5 b5 19. Bxb5 axb5 20. Rb2 Rb8 21.
Rb3 Bb7 22. a3 Qa6 23. Ra1 Qc6 24. f3 Ba6 25. Qf2 Rbc8 26. Qg3 Kf7 27. Qxg7+
Ke8 28. Qe7# 1-0

[Event "DEM U8 2023"]
[Site "Willingen GER"]
[Date "2023.06.02"]
[Round "6"]
[White "Besou, Jad"]
[Black "Müller, Konstantin"]
[Result "0-1"]
[Termination "normal"]
[Board "1"]
[WhiteElo "1235"]
[BlackElo "1568"]
[PlyCount "40"]
[WhiteFideId "34631348"]
[BlackFideId "34661778"]
[EventCountry "GER"]
[EventRounds "7"]
[EventType "swiss"]
[EventDate "2023.05.30"]

1. e4 c5 2. Nf3 e6 3. d4 cxd4 4. Nxd4 Nf6 5. Nc3 Nc6 6. Nxc6 bxc6 7. Be2 Bb4 8.
Bf3 Ba6 9. Bd2 O-O 10. Ne2 Qb6 11. e5 Nd5 12. c3 Bc5 13. O-O Qxb2 14. Bxd5 cxd5
15. Re1 Qb6 16. Kh1 Qb5 17. a4 Qc4 18. Kg1 Rab8 19. a5 Rb2 20. Ra4 Qd3 0-1

[Event "DEM U8 2023"]
[Site "Willingen GER"]
[Date "2023.06.02"]
[Round "6"]
[White "Pragatheswarakumar, Krish Keerthan"]
[Black "Schmidt, Alexander Nadvid"]
[Result "0-1"]
[Termination "normal"]
[Board "2"]
[WhiteElo "1152"]
[BlackElo "1256"]
[PlyCount "52"]
[WhiteFideId "34679359"]
[BlackFideId "34661360"]
[EventCountry "GER"]
[EventRounds "7"]
[EventType "swiss"]
[EventDate "2023.05.30"]

1. d4 Nf6 2. c4 e6 3. Nc3 d5 4. cxd5 exd5 5. Nf3 Be7 6. g3 Bf5 7. Bg2 c6 8. e3
O-O 9. O-O Nbd7 10. Bd2 Qb6 11. Qc1 c5 12. Na4 Qc6 13. Nc3 c4 14. Re1 Bd3 15.
Bf1 Be4 16. Nxe4 Nxe4 17. Qc2 Qg6 18. Rac1 Qh5 19. Be2 Qf5 20. Qa4 Ndf6 21. Rf1
Qh3 22. Qb5 Ng4 23. Bb4 Ng5 24. Rfd1 Nxf3+ 25. Bxf3 Qxh2+ 26. Kf1 Qxf2# 0-1

[Event "DEM U8 2023"]
[Site "Willingen GER"]
[Date "2023.06.02"]
[Round "6"]
[White "Ranganathan, Aadith"]
[Black "Stopp, Bruno"]
[Result "0-1"]
[Termination "normal"]
[Board "3"]
[WhiteElo "1002"]
[BlackElo "1170"]
[PlyCount "114"]
[WhiteFideId "34667121"]
[BlackFideId "34640347"]
[EventCountry "GER"]
[EventRounds "7"]
[EventType "swiss"]
[EventDate "2023.05.30"]

1. e4 e5 2. Nf3 Nc6 3. d4 exd4 4. Nxd4 Bc5 5. Be3 Qf6 6. Nb5 Bxe3 7. fxe3 Qxb2
8. N1c3 Qb4 9. Qd2 Qa5 10. Nd5 Qxd2+ 11. Kxd2 Rb8 12. Nbxc7+ Kd8 13. Nb5 a6 14.
Nd6 Ne5 15. Bd3 Ne7 16. Nxc8 Rxc8 17. Nxe7 Kxe7 18. Rab1 Rc7 19. Rb3 Rhc8 20.
Rb2 Nc4+ 21. Bxc4 Rxc4 22. Rc1 R8c7 23. Rcb1 Ke6 24. a3 Ke5 25. Rf1 f6 26. Rf5+
Kxe4 27. Rf4+ Kd5 28. Rxc4 Kxc4 29. Rb3 Rc5 30. Rc3+ Kb5 31. a4+ Kc6 32. Rxc5+
Kxc5 33. Kc3 b5 34. axb5 axb5 35. Kd3 Kd5 36. e4+ Ke5 37. Ke3 d5 38. exd5 Kxd5
39. Kd3 g5 40. g4 h6 41. h3 b4 42. Kd2 Kd4 43. Ke2 Ke4 44. Kf2 f5 45. gxf5 Kxf5
46. Kf3 h5 47. Kf2 g4 48. hxg4+ hxg4 49. Kg3 Kg5 50. Kg2 Kf4 51. Kf2 g3+ 52.
Kg1 Kf3 53. Kf1 g2+ 54. Kg1 Kg3 55. c4 b3 56. c5 b2 57. c6 b1=Q# 0-1

[Event "DEM U8 2023"]
[Site "Willingen GER"]
[Date "2023.06.02"]
[Round "6"]
[White "Grimm, Jakob"]
[Black "Liu, Jonas"]
[Result "1-0"]
[Termination "normal"]
[Board "4"]
[WhiteElo "1272"]
[BlackElo "1039"]
[PlyCount "37"]
[WhiteFideId "34635645"]
[BlackFideId "34660941"]
[EventCountry "GER"]
[EventRounds "7"]
[EventType "swiss"]
[EventDate "2023.05.30"]

1. e4 e5 2. Nf3 Nc6 3. Bc4 Bc5 4. c3 Nf6 5. d4 exd4 6. O-O O-O 7. cxd4 Bb6 8.
e5 Ne4 9. Bd5 Nf6 10. exf6 Qxf6 11. Be3 d6 12. Nc3 Bg4 13. Bxc6 bxc6 14. d5 c5
15. Ne4 Qxb2 16. Qb1 Qa3 17. Nfg5 Qa4 18. Nf6+ gxf6 19. Qxh7# 1-0

[Event "DEM U8 2023"]
[Site "Willingen GER"]
[Date "2023.06.02"]
[Round "6"]
[White "Sriram, Aumkar"]
[Black "Wolf, Adam"]
[Result "1-0"]
[Termination "normal"]
[Board "5"]
[WhiteElo "1126"]
[BlackElo "1256"]
[PlyCount "119"]
[WhiteFideId "33460477"]
[BlackFideId "34623426"]
[EventCountry "GER"]
[EventRounds "7"]
[EventType "swiss"]
[EventDate "2023.05.30"]

1. d4 Nf6 2. Nc3 g6 3. e4 e6 4. Bf4 Bb4 5. f3 Nh5 6. Be3 d5 7. g4 Ng7 8. Qe2
Nc6 9. exd5 Qxd5 10. a3 Bxc3+ 11. bxc3 O-O 12. Qf2 e5 13. c4 Qa5+ 14. Bd2 Qb6
15. dxe5 Qxf2+ 16. Kxf2 Nxe5 17. Bf4 Re8 18. Re1 f6 19. Bh6 Bxg4 20. Rxe5 Rxe5
21. fxg4 Rae8 22. Bxg7 Kxg7 23. Nf3 Re4 24. h3 R4e6 25. Bd3 Ra6 26. Ra1 Rb6 27.
c5 Rc6 28. Bb5 Rxc5 29. Bxe8 Rxc2+ 30. Kg3 Kf8 31. Bb5 Ke7 32. a4 Kd6 33. a5
Kd5 34. a6 b6 35. Rd1+ Kc5 36. Bf1 b5 37. Rb1 b4 38. Ne1 Rc3+ 39. Nd3+ Kb6 40.
Rxb4+ Kxa6 41. Kf4 Ka5 42. Rb7 a6 43. Nf2 g5+ 44. Kf5 Rf3+ 45. Ke6 Rxf2 46. Bd3
Rf3 47. Bxh7 Rxh3 48. Bf5 Rh6 49. Rxc7 Kb6 50. Rh7 Rxh7 51. Bxh7 a5 52. Kxf6 a4
53. Kxg5 a3 54. Bb1 Kc7 55. Kf6 Kd8 56. g5 Ke8 57. g6 Kf8 58. g7+ Kg8 59. Kg6
a2 60. Bxa2# 1-0

[Event "DEM U8 2023"]
[Site "Willingen GER"]
[Date "2023.06.02"]
[Round "6"]
[White "Thirumal, Shravan"]
[Black "Chaganti, Prahasith Reddy"]
[Result "1-0"]
[Termination "normal"]
[Board "7"]
[WhiteElo "1118"]
[BlackElo "836"]
[PlyCount "89"]
[WhiteFideId "34625356"]
[EventCountry "GER"]
[EventRounds "7"]
[EventType "swiss"]
[EventDate "2023.05.30"]

1. Nf3 Nf6 2. g3 g6 3. Bg2 Bg7 4. O-O O-O 5. d3 d5 6. c3 c5 7. a3 a5 8. a4 Nc6
9. Bf4 Re8 10. Qc2 e5 11. Bc1 Bf5 12. Nbd2 e4 13. dxe4 dxe4 14. Nh4 Bg4 15.
Nxe4 Nxe4 16. Bxe4 Qe7 17. Bg2 Qxe2 18. Qxe2 Rxe2 19. b3 Rae8 20. Be3 Bxc3 21.
Rac1 Bd4 22. Bxd4 cxd4 23. Bxc6 bxc6 24. Rxc6 Bh3 25. Ng2 d3 26. Rd1 Re1+ 27.
Nxe1 d2 28. Ng2 Rd8 29. Nf4 Bg4 30. Rdc1 dxc1=Q+ 31. Rxc1 Rd1+ 32. Rxd1 Bxd1
33. b4 axb4 34. Nd3 b3 35. Kf1 Bc2 36. Nb2 Kg7 37. f3 Bf5 38. Ke2 Kf6 39. Kd2
Be6 40. Kc3 Bd5 41. Nd3 Bxf3 42. Kxb3 Kg5 43. h3 Bg2 44. Nf4 Kf5 45. Nxg2 1-0

[Event "DEM U8 2023"]
[Site "Willingen GER"]
[Date "2023.06.02"]
[Round "6"]
[White "Reese, Oscar"]
[Black "Rössling, Johannes"]
[Result "1-0"]
[Termination "normal"]
[Board "8"]
[WhiteElo "1132"]
[BlackElo "1328"]
[PlyCount "111"]
[WhiteFideId "34644474"]
[BlackFideId "34642773"]
[EventCountry "GER"]
[EventRounds "7"]
[EventType "swiss"]
[EventDate "2023.05.30"]

1. e4 e5 2. Nf3 Nc6 3. d4 exd4 4. Nxd4 Bc5 5. Be3 Qf6 6. c3 Nge7 7. Nxc6 Qxc6
8. Bxc5 Qxc5 9. Bd3 O-O 10. O-O d6 11. Nd2 Bd7 12. Nb3 Qg5 13. Re1 Ng6 14. Bf1
Nf4 15. Qc2 Nh3+ 16. Kh1 Bg4 17. Nd4 Nf4 18. f3 Bd7 19. Rad1 c5 20. Ne2 Nxe2
21. Qxe2 Qe5 22. Qd2 Rfd8 23. Qxd6 Qh5 24. Qe7 h6 25. Rxd7 Rxd7 26. Qxd7 Qh4
27. Rd1 Qf2 28. Bc4 Rf8 29. Qf5 Qc2 30. Bxf7+ Kh8 31. Bb3 Qxd1+ 32. Bxd1 Rxf5
33. exf5 Kg8 34. Bb3+ Kf8 35. f4 Ke7 36. g4 Kf6 37. Bc2 b5 38. h4 a5 39. g5+
hxg5 40. fxg5+ Kf7 41. a3 b4 42. cxb4 axb4 43. a4 c4 44. a5 b3 45. Bb1 c3 46.
bxc3 b2 47. a6 Ke7 48. a7 Kd6 49. a8=Q Kc5 50. f6 gxf6 51. gxf6 Kc4 52. f7 Kxc3
53. f8=Q Kd2 54. Qac8 Ke2 55. Qc2+ Ke1 56. Qff2# 1-0

[Event "DEM U8 2023"]
[Site "Willingen GER"]
[Date "2023.06.02"]
[Round "6"]
[White "Chupikov, Mark"]
[Black "Fendel, Arsenij"]
[Result "1/2-1/2"]
[Termination "normal"]
[Board "11"]
[WhiteElo "958"]
[BlackElo "740"]
[PlyCount "66"]
[WhiteFideId "34680721"]
[EventCountry "GER"]
[EventRounds "7"]
[EventType "swiss"]
[EventDate "2023.05.30"]

1. e4 e5 2. Bb5 Nf6 3. d3 a6 4. Ba4 Bc5 5. c3 O-O 6. Nf3 b5 7. Bc2 Nc6 8. O-O
Bb7 9. Nbd2 Re8 10. a4 d5 11. axb5 axb5 12. Rxa8 Qxa8 13. exd5 Nxd5 14. Bb3 Qd8
15. Re1 Nf4 16. Nf1 Nxd3 17. Ng5 Bxf2+ 18. Kh1 Rf8 19. Re2 h6 20. Ne4 Bb6 21.
Rd2 Qh4 22. Rxd3 Qxe4 23. Ng3 Qg6 24. Bc2 e4 25. Rd2 Na5 26. Re2 f5 27. b4 Nc4
28. Bb3 Kh8 29. Bxc4 bxc4 30. Be3 f4 31. Bxb6 fxg3 32. Bxc7 gxh2 33. Bxh2 e3
1/2-1/2

[Event "DEM U8 2023"]
[Site "Willingen GER"]
[Date "2023.06.02"]
[Round "6"]
[White "Belov, Artemii"]
[Black "Graf, Tom"]
[Result "1-0"]
[Termination "normal"]
[Board "12"]
[WhiteElo "1229"]
[BlackElo "1095"]
[PlyCount "135"]
[WhiteFideId "34665234"]
[BlackFideId "34622420"]
[EventCountry "GER"]
[EventRounds "7"]
[EventType "swiss"]
[EventDate "2023.05.30"]

1. e4 e5 2. Nf3 Nc6 3. Bc4 Bc5 4. c3 Nf6 5. d3 d6 6. O-O O-O 7. h3 h6 8. Re1
Ne7 9. a4 a6 10. b4 Ba7 11. Nbd2 c6 12. Bb3 Qb6 13. Qe2 Nh5 14. Nc4 Qc7 15.
Nfxe5 b5 16. Nb2 dxe5 17. Qxh5 Qb6 18. Be3 Qc7 19. Bxa7 Rxa7 20. Re3 Qd6 21.
Rg3 Qf6 22. a5 Be6 23. Bc2 Kh7 24. Re1 g6 25. Qd1 Qg7 26. d4 exd4 27. cxd4 Rd7
28. Rd3 Rfd8 29. e5 Bf5 30. Rd2 Bxc2 31. Qxc2 Rxd4 32. Rxd4 Rxd4 33. Qc5 Rd7
34. e6 fxe6 35. Rxe6 Qf7 36. Qe3 Qg7 37. Nd3 Nf5 38. Qe4 Qf7 39. Nc5 Rd4 40.
Qxc6 Nh4 41. Re1 Rd2 42. Qb7 Qxb7 43. Nxb7 Nf5 44. Nc5 Rd6 45. Re6 Rxe6 46.
Nxe6 Nd6 47. Nc5 Nc8 48. Nxa6 Na7 49. Kf1 Kg7 50. Ke2 Kf6 51. Kd3 Ke5 52. g3 h5
53. f4+ Kd5 54. g4 hxg4 55. hxg4 Nc6 56. Nc7+ Kd6 57. Nxb5+ Kd5 58. Kc3 Nb8 59.
f5 gxf5 60. gxf5 Ke5 61. Kc4 Kxf5 62. Nc7 Ke5 63. a6 Nxa6 64. Nxa6 Kd6 65. b5
Kd7 66. Kc5 Kc8 67. Kc6 Kd8 68. b6 1-0

[Event "DEM U8 2023"]
[Site "Willingen GER"]
[Date "2023.06.02"]
[Round "6"]
[White "Öhrlein, Frederik"]
[Black "Estrin, Boris"]
[Result "1-0"]
[Termination "normal"]
[Board "14"]
[WhiteElo "1061"]
[BlackElo "1205"]
[PlyCount "107"]
[WhiteFideId "34687556"]
[BlackFideId "34649859"]
[EventCountry "GER"]
[EventRounds "7"]
[EventType "swiss"]
[EventDate "2023.05.30"]

1. e4 c5 2. Nf3 Nc6 3. Bb5 e6 4. Bxc6 dxc6 5. d3 Bd6 6. O-O Ne7 7. Nc3 Ng6 8.
Be3 O-O 9. Qd2 Nh4 10. Qe2 Nxf3+ 11. Qxf3 f5 12. e5 Bxe5 13. Bxc5 Bd6 14. Bxd6
Qxd6 15. Rfe1 Bd7 16. Re2 c5 17. a4 Bc6 18. Qe3 Rf6 19. Rae1 Rh6 20. h3 Rf8 21.
Qe5 Qxe5 22. Rxe5 Rff6 23. Rxc5 Rfg6 24. a5 Rxg2+ 25. Kf1 Rgg6 26. Re3 Bg2+ 27.
Ke2 Rxh3 28. Rxh3 Bxh3 29. Rc7 Bg2 30. a6 bxa6 31. Rxa7 e5 32. Na4 e4 33. dxe4
Bxe4 34. c3 Re6 35. Nc5 Re8 36. Nxa6 Bb7+ 37. Kf1 Bxa6+ 38. Rxa6 Rb8 39. b4 Rc8
40. Ra3 Kf7 41. Ke2 Ke6 42. Ke3 g5 43. Kd4 h5 44. c4 h4 45. c5 h3 46. Rxh3 f4
47. Rb3 Rb8 48. c6 Kd6 49. b5 g4 50. Ke4 g3 51. fxg3 fxg3 52. Kf3 Rg8 53. Kg2
Kc5 54. Rxg3 1-0

[Event "DEM U8 2023"]
[Site "Willingen GER"]
[Date "2023.06.02"]
[Round "6"]
[White "Golnik, Rasmus"]
[Black "Wang, Kaichen"]
[Result "1-0"]
[Termination "normal"]
[Board "16"]
[WhiteElo "1052"]
[BlackElo "1101"]
[PlyCount "81"]
[BlackFideId "34626891"]
[EventCountry "GER"]
[EventRounds "7"]
[EventType "swiss"]
[EventDate "2023.05.30"]

1. e4 c6 2. d4 d5 3. Nc3 dxe4 4. Nxe4 Bf5 5. Ng3 Bg6 6. N1e2 e6 7. Nc3 Nf6 8.
Bd3 Bxd3 9. Qxd3 Nbd7 10. Bf4 Be7 11. O-O O-O 12. Nge4 Nxe4 13. Nxe4 Nf6 14.
Rfe1 h6 15. Rad1 Nd5 16. Bd2 Re8 17. Qg3 Bh4 18. Qg4 Nf6 19. Qxh4 Nxe4 20. Qxd8
Raxd8 21. Rxe4 Rd7 22. Rg4 Kh7 23. Be3 c5 24. c3 Red8 25. b3 e5 26. Re4 f6 27.
f4 Re8 28. fxe5 fxe5 29. Rd2 cxd4 30. cxd4 Rde7 31. dxe5 Rxe5 32. Rxe5 Rxe5 33.
Bxa7 b5 34. a4 bxa4 35. bxa4 Ra5 36. Be3 Rxa4 37. Kf2 g5 38. Rd7+ Kg6 39. Rd6+
Kh5 40. h3 g4 41. Rxh6# 1-0